Southville International School and Colleges
Your cart is empty.
  • Cart
  • Lists
    Public lists list_1 View all
    Your lists Log in to create your own lists
  • Log in to your account
  • Your cookies
  • Search history
Southville International School and Colleges
  • Advanced search
  • Recent comments
  • Most popular
  • Libraries

Log in to your account

Log in with GOOGLE


If you do not have an external account, but do have a local account, you can still log in:

  1. Home
  2. MARC view: Tourism policy planning and development
Normal view MARC view ISBD view

Tourism policy planning and development (Record no. 366008)

[ view plain ]
MARC details
000 -LEADER
fixed length control field 00691nam a22002297a 4500
003 - CONTROL NUMBER IDENTIFIER
control field 0
005 - DATE AND TIME OF LATEST TRANSACTION
control field 20240604102607.0
008 - FIXED-LENGTH DATA ELEMENTS--GENERAL INFORMATION
fixed length control field 240604b xxu||||| |||| 00| 0 eng d
020 ## - INTERNATIONAL STANDARD BOOK NUMBER
International Standard Book Number 9786210443127
050 ## - LIBRARY OF CONGRESS CALL NUMBER
Classification number G 155
Item number .C78 2022
100 ## - MAIN ENTRY--PERSONAL NAME
Personal name Cruz, Reil G.
245 ## - TITLE STATEMENT
Title Tourism policy planning and development
Statement of responsibility, etc Reil G. Cruz
250 ## - EDITION STATEMENT
Edition statement First edition
260 ## - PUBLICATION, DISTRIBUTION, ETC. (IMPRINT)
Place of publication, distribution, etc Manila
Name of publisher, distributor, etc Rex Book Store
Date of publication, distribution, etc 2022
300 ## - PHYSICAL DESCRIPTION
Extent xii, 153 pages:
Other physical details black and white illustrations ;
Dimensions 26cm.
504 ## - BIBLIOGRAPHY, ETC. NOTE
Bibliography, etc Includes index.
650 ## - SUBJECT ADDED ENTRY--TOPICAL TERM
Topical term or geographic name as entry element Tourism.
650 ## - SUBJECT ADDED ENTRY--TOPICAL TERM
Topical term or geographic name as entry element Tourism -- Planning.
650 ## - SUBJECT ADDED ENTRY--TOPICAL TERM
Topical term or geographic name as entry element Tourism -- Government policy.
650 ## - SUBJECT ADDED ENTRY--TOPICAL TERM
Topical term or geographic name as entry element Tourism--Planning development--Philippines.
942 ## - ADDED ENTRY ELEMENTS (KOHA)
Source of classification or shelving scheme Library of Congress Classification
Koha item type Books
Holdings
Withdrawn status Lost status Source of classification or shelving scheme Damaged status Home library Current library Shelving location Date acquired Source of acquisition Total Checkouts Full call number Barcode Date last seen Price effective from Koha item type
    Library of Congress Classification   College Library College Library Filipiniana Section 06/04/2024 Library Fund   G 155 .C78 2022 C23358 06/04/2024 06/04/2024 Books
    Library of Congress Classification   College Library College Library Filipiniana Section 06/04/2024 Library Fund   G 155 .C78 2022 C23359 06/04/2024 06/04/2024 Books

Tourism policy planning and development

APA

Cruz R. G., . (2022). Tourism policy planning and development. Manila: Rex Book Store.

Chicago

Cruz Reil G, . 2022. Tourism policy planning and development. Manila: Rex Book Store.

Harvard

Cruz R. G., . (2022). Tourism policy planning and development. Manila: Rex Book Store.

MLA

Cruz Reil G, . Tourism policy planning and development. Manila: Rex Book Store. 2022.

  • Place hold
  • Print
  • Cite
  • Add to your cart (remove)
  • Save record
    BIBTEX Dublin Core MARCXML MARC (non-Unicode/MARC-8) MARC (Unicode/UTF-8) MARC (Unicode/UTF-8, Standard) MODS (XML) RIS
  • More searches
    Search for this title in:
    Other Libraries (WorldCat) Other Databases (Google Scholar) Online Stores (Bookfinder.com) Open Library (openlibrary.org)

Exporting to Dublin Core...

SOUTHVILLE LIBRARY

Southville International School and Colleges Library

1281 Tropical Ave. Cor. Luxembourg St., BF Homes International, Las Pinas City

Tel. No. 8256374 / 252358 Loc. 117/146

Powered by Koha